| 000 | 00921nam a22002417a 4500 | ||
|---|---|---|---|
| 999 |
_c64616 _d64616 |
||
| 005 | 20240530110741.0 | ||
| 008 | 180925s2017 ua g b 000 0 ara d | ||
| 017 |
_a1965 _bمصر. دار الكتب |
||
| 020 | _a9783275345 | ||
| 040 |
_aEG-CaGPL _cEG-CaGPL |
||
| 082 | 0 | 4 |
_221 _a296.43 / _bص أ |
| 100 | 0 | _aصفاء ابو شادى | |
| 245 | 1 | 2 |
_aالاعياد والمواسم فى الديانة اليهودية : _bدراسة تاريخية / _cصفاء ابو شادى |
| 250 | _aط.1 | ||
| 260 |
_aالاسكندرية : _bدار الوفاء لدنيا الطباعة و النشر ، _c2017. |
||
| 300 |
_a429 ص. ؛ _c24 سم. |
||
| 504 | _aيشتمل على ارجاعات ببليوجرافية | ||
| 650 | 0 | 7 |
_2qrmak _aاليهود _xاحتفالات واعياد |
| 650 | 0 | 7 |
_2qrmak _aاليهود _xتاريخ |
| 651 | _2qrmak | ||
| 942 |
_2ddc _cBK |
||